Statistiques concernant Tous les noms de pays contenant "tan"

Cliquez ici pour prendre le quiz!

Statistiques générales

  • Ce quiz a été pris 227 fois
  • Le résultat moyen est 7 sur 10

Statistiques - réponses

Noms de pays avec "tan":% Correct
Afghanistan
91%
Pakistan
88%
Turkménistan
87%
Ouzbékistan
85%
Tadjikistan
81%
Kazakhstan
76%
Kirghizistan
76%
Tanzanie
67%
Bhoutan
47%
Mauritanie
10%

Distribution des résultats

Percentile par nombre de réponses

% des personnes avec chaque résultat

Votre développement - résultats

Vous n’avez pas pris ce quiz